El canto del viento / (Record no. 178449)

MARC details
000 -LEADER
campo de control de longitud fija 00743nam a2200229 4500
001 - NÚMERO DE CONTROL
campo de control 178449
003 - IDENTIFICADOR DE NÚMERO DE CONTROL
campo de control ES-MaACL
005 - FECHA Y HORA DE LA ÚLTIMA TRANSACCIÓN
campo de control 20240129115324.0
008 - DATOS DE LONGITUD FIJA--INFORMACIÓN GENERAL
campo de control de longitud fija 110527s2009 sp |||| | spa d
020 ## - NÚMERO INTERNACIONAL ESTÁNDAR DEL LIBRO
Número Internacional Estándar del Libro 978-84-613-2905-2
080 ## - NÚMERO DE LA CLASIFICACIÓN DECIMAL UNIVERSAL
Número de la Clasificación Decimal Universal 821.134.2(82)-32"19"
100 1# - ENTRADA PRINCIPAL--NOMBRE DE PERSONA
Nombre de persona Yupanqui, Atahualpa.
9 (RLIN) 146806
245 13 - MENCIÓN DEL TÍTULO
Título El canto del viento /
Mención de responsabilidad, etc. Atahualpa Yupanqui.
250 ## - MENCION DE EDICION
Mención de edición 1ª ed.
260 ## - PUBLICACIÓN, DISTRIBUCIÓN, ETC.
Lugar de publicación, distribución, etc. Colmenar Viejo, Madrid :
Nombre del editor, distribuidor, etc. Tres de Trébol ;
Lugar de publicación, distribución, etc. [San Luis, Argentina] :
Nombre del editor, distribuidor, etc. Nueva Editorial Universitaria,
Fecha de publicación, distribución, etc. 2009.
300 ## - DESCRIPCIÓN FÍSICA
Extensión 233 p. ;
Dimensiones 21 cm.
500 ## - NOTA GENERAL
Nota general Glosario.
852 ## - LOCALIZACIÓN
Ubicación ES-MaACL
Número de control de estantería A-11260
itemnumber 185309
Sublocalización o colección R.145635
Ubicación en estantería Depósito 1
Signatura antigua Olim: N-4264
942 ## - ELEMENTOS DE ENTRADA SECUNDARIOS (KOHA)
Fuente del sistema de clasificación o colocación Clasificación decimal universal
Tipo de ítem Koha Libro impreso
Holdings
Estatus retirado Estado de pérdida Fuente del sistema de clasificación o colocación Estado de daño No para préstamo Biblioteca de origen Biblioteca actual Ubicación en estantería Fecha de adquisición Fuente de adquisición Total de préstamos Signatura topográfica completa Código de barras Visto por última vez Precio de reemplazo Tipo de ítem Koha
    Clasificación decimal universal     Biblioteca del Ateneo de Madrid Biblioteca del Ateneo de Madrid Depósito 1 27/05/2011 Compra   A-11260 1187450 23/02/2023 23/02/2023 Libro impreso